Cities on Interstate 90 on a Map - Statistics

General Stats
  • This quiz has been taken 32,379 times
    7,142 since last reset
  • The average score is 17 of 36
Answers on the Map
Answers color-coded by a green-red scale on the quiz's map according to % correct below.
 
Answer Stats
Population City % Correct
2,721,308 Chicago
98%
780,995 Seattle
98%
673,458 Boston
95%
365,379 Cleveland
88%
276,617 Buffalo
87%
101,317 Albany
80%
285,300 Madison
74%
230,609 Spokane
71%
121,483 Billings
66%
209,289 Sioux Falls
65%
265,638 Toledo
65%
146,097 Syracuse
64%
92,940 Erie
62%
123,624 Rochester
61%
154,888 Springfield
54%
67,555 Gary
53%
211,286 Worcester
46%
57,894 Bozeman
41%
78,204 Missoula
41%
103,713 South Bend
39%
121,186 Cambridge
37%
57,355 Coeur d'Alene
36%
79,894 Rapid City
35%
63,660 Utica
34%
35,480 Butte
32%
147,486 Rockford
32%
154,377 Bellevue
30%
51,327 La Crosse
22%
33,523 Gillette
19%
114,701 Elgin
17%
66,428 Janesville
15%
76,030 Hammond
14%
19,813 Sheridan
14%
20,996 Ellensburg
11%
15,621 Mitchell
11%
26,690 Austin
10%
No matching quizzes found
Score Distribution
Percent of People with Each Score
Percentile by Number Answered
Your Score History
You have not taken this quiz since the last reset